Managerial Economics (Record no. 9129)

MARC details
000 -LEADER
fixed length control field 00369nam a22001577a 4500
003 - CONTROL NUMBER IDENTIFIER
control field OSt
008 - FIXED-LENGTH DATA ELEMENTS--GENERAL INFORMATION
fixed length control field 201117b ||||| |||| 00| 0 eng d
020 ## - INTERNATIONAL STANDARD BOOK NUMBER
International Standard Book Number 9789325986688
100 ## - MAIN ENTRY--PERSONAL NAME
Personal name DWIVEDI, D. N.
245 ## - TITLE STATEMENT
Title Managerial Economics
250 ## - EDITION STATEMENT
Edition statement 8ed
260 ## - PUBLICATION, DISTRIBUTION, ETC. (IMPRINT)
Place of publication, distribution, etc New Delhi
Name of publisher, distributor, etc Vikas Publishing House
Date of publication, distribution, etc 2019
300 ## - PHYSICAL DESCRIPTION
Extent 831
650 ## - SUBJECT ADDED ENTRY--TOPICAL TERM
Topical term or geographic name as entry element B.Com. Hons
942 ## - ADDED ENTRY ELEMENTS (KOHA)
Source of classification or shelving scheme Dewey Decimal Classification
Koha item type Text Books
Holdings
Withdrawn status Lost status Source of classification or shelving scheme Damaged status Not for loan Collection code Home library Current library Date acquired Source of acquisition Currency Cost, normal purchase price Bill Number Total Checkouts Acc. no. / Barcode Date last seen Actual Cost, discounted price Bill Date Koha item type
    Dewey Decimal Classification     B.Com. Hons PIET NCR College Library PIET NCR College Library 17/11/2020 Kirti Prakashan IN Rupees 625.00 IN254   N134 17/11/2020 418.75 05/08/2020 Reference Books
    Dewey Decimal Classification     B.Com. Hons PIET NCR College Library PIET NCR College Library 17/11/2020 Kirti Prakashan IN Rupees 625.00 IN254   N135 17/11/2020 418.75 05/08/2020 Text Books
    Dewey Decimal Classification     B.Com. Hons PIET NCR College Library PIET NCR College Library 17/11/2020 Kirti Prakashan IN Rupees 625.00 IN254   N136 17/11/2020 418.75 05/08/2020 Text Books
    Dewey Decimal Classification     B.Com. Hons PIET NCR College Library PIET NCR College Library 17/11/2020 Kirti Prakashan IN Rupees 625.00 IN254   N137 17/11/2020 418.75 05/08/2020 Text Books
    Dewey Decimal Classification     B.Com. Hons PIET NCR College Library PIET NCR College Library 17/11/2020 Kirti Prakashan IN Rupees 625.00 IN254   N138 17/11/2020 418.75 05/08/2020 Text Books
    Dewey Decimal Classification     B.Com. Hons PIET NCR College Library PIET NCR College Library 17/11/2020 Kirti Prakashan IN Rupees 625.00 IN254   N139 17/11/2020 418.75 05/08/2020 Text Books

Design & Developed by: PIET Central Library
R70 Miles Stone Pattikalyana Samalkha Panipat 132102
mail ID :- [email protected], Phone No:- 0180-2569700 Ex.216